LEADER 01179nam0 2200289 i 450 001 SUN0002510 005 20111027093259.52 010 $a88-217-1525-6 100 $a20020701d2002 |0itac50 ba 101 $aita 102 $aIT 105 $a|||| ||||| 200 1 $aˆLa ‰nuova disciplina del lavoro a termine$eD.Lgs n.368/2001$fa cura di Luigi Menghini 210 $aMilano$cIpsoa$d2002 215 $aXVII, 354 p.$d21 cm. 410 1$1001SUN0009028$12001 $aLeggi e lavoro$fcollana diretta da Franco Carinci$v4$1210 $aMilano$cIpsoa. 606 $aContratti di lavoro a termine$xLegislazione$2FI$3SUNC001892 620 $dMilano$3SUNL000284 676 $a344.4501542$v21 702 1$aMenghini$b, Luigi$3SUNV002670 712 $aIPSOA$3SUNV000032$4650 801 $aIT$bSOL$c20181109$gRICA 912 $aSUN0002510 950 $aUFFICIO DI BIBLIOTECA DEL DIPARTIMENTO DI GIURISPRUDENZA$d00 CONS IX.Eac.1 $e00 21383 995 $aUFFICIO DI BIBLIOTECA DEL DIPARTIMENTO DI GIURISPRUDENZA$h21383$kCONS IX.Eac.1$op$qa 996 $aNuova disciplina del lavoro a termine$9515693 997 $aUNICAMPANIA LEADER 01138nam--2200385---450- 001 990000514880203316 005 20060216095616.0 010 $a88-394-0435-X 035 $a0051488 035 $aUSA010051488 035 $a(ALEPH)000051488USA01 035 $a0051488 100 $a20010618d1989----km-y0itay0103----ba 101 $aita 102 $aIT 105 $a||||||||001yy 200 1 $a<> divinazione nella cultura etrusca e romana$eantologia$fa cura di Arnaldo D'Aversa 210 $aBrescia$cPaideia$d1989 215 $a127 p.$d21 cm 410 $12001 606 0 $aDivinazione$xEtruria$xAntologie 606 0 $aDivinazione$xRoma antica$xAntologie 676 $a133.3 702 1$aD'AVERSA,$bArnaldo 801 0$aIT$bsalbc$gISBD 912 $a990000514880203316 951 $aII.2. 4048(X A 391)$b106568 LM$cX A 959 $aBK 969 $aUMA 979 $aPATTY$b90$c20010618$lUSA01$h1615 979 $c20020403$lUSA01$h1700 979 $aPATRY$b90$c20040406$lUSA01$h1636 979 $aCOPAT6$b90$c20060216$lUSA01$h0956 996 $aDivinazione nella cultura etrusca e romana$9886942 997 $aUNISA LEADER 00770nam0-22003011i-450 001 990001722930403321 005 20190613140039.0 010 $a88-206-2993-3 035 $a000172293 035 $aFED01000172293 035 $a(Aleph)000172293FED01 035 $a000172293 100 $a20030910d1988----km-y0itay50------ba 101 0 $aita 200 1 $a<>orchidee$fGastone Sbrana 205 $a2. ed. 210 $aBologna$cEdagricole$d1988 215 $a212 p.$d21 cm 610 0 $aOrchidaceae 676 $a635.934 15 700 1$aSbrana,$bGastone$073714 801 0$aIT$bUNINA$gRICA$2UNIMARC 901 $aBK 912 $a990001722930403321 952 $a60 635.934 SBRG 1988$b1271$fFAGBC 959 $aFAGBC 996 $aOrchidee$9359477 997 $aUNINA